| 000 | 00973cam a2200253 4500 | ||
|---|---|---|---|
| 005 | 20250625112807.0 | ||
| 008 | 081216n2000 mx 000 0 spa u | ||
| 020 | _a9709885057 | ||
| 050 | 0 | 4 |
_aPN4973.B74 _bG58 2000 |
| 100 | 1 | _aGlusker, Susannah Joel | |
| 240 | 1 | 0 |
_aAnita Brenner: A mid of her own _lespañol |
| 245 | 1 | 0 |
_aAnita Brenner : _buna mujer extraordinaria / _bSusannah Joel Grusker ; prólogo Carlos Monsiváis ; traducción José Luis Justes. |
| 250 | _a1a ed. | ||
| 260 |
_aAguascalientes, México : _bInstituto Cultural de Aguascalientes, _c2000 |
||
| 300 |
_a370 p. : _bil. ; _c23 cm. |
||
| 504 | _aIncluye bibliografía e índice temático | ||
| 590 | _aProyecto PIFI 2005 | ||
| 600 | 1 |
_aBrenner, Anita, _d1905-1974 |
|
| 650 | 7 |
_2lemb _aPeriodistas _zMéxico _xBiografía |
|
| 650 | 7 |
_2lemb _aVida intelectual _ySiglo XIX _zMéxico |
|
| 700 | 1 |
_aMonsiváis, Carlos, _eprologuista |
|
| 700 | 1 |
_aJustes, José Luis, _etraductor |
|
| 942 |
_2lcc _cLIB |
||
| 999 |
_c70372 _d70372 |
||